Manual latihan pemuliharaan dan penyelidikan hidupan liar di lapangan

Bibliographic Details
Main Author: RABINOWITZ
Other Authors: Maryati Mohamed
Format: Book
Published: Kota Kinabalu, Sabah : Natural History Pub. , 1995
Subjects:

MARC

LEADER 00000cam a2200000 7i4500
001 0000002114
005 20021106.0
020 0 0 |a 9838120073 
090 0 0 |a 333.9516   |b RAB 1995 
100 1 0 |a RABINOWITZ   |h Alan 
245 1 0 |a Manual latihan pemuliharaan dan penyelidikan hidupan liar di lapangan   |c Alan Rabinowitz, diterjemah oleh Maryati Mohamed 
260 0 0 |a Kota Kinabalu, Sabah :   |b Natural History Pub. ,   |c 1995 
300 |a xi, 312 p. :   |b ill. ;   |c 25 cm. 
500 0 0 |a Includes bibliographical references 
650 0 0 |a Wildlife conservation 
650 0 0 |a Wildlife management 
650 0 0 |a Wildlife research 
700 0 1 |a Maryati Mohamed 
998 |a JPSM 
999 |a 0000003520   |b Monograph   |c Open Shelf   |e Default branch 
999 |a 0000006816   |b Monograph   |c Open Shelf   |e Default branch